LEADER 00795nam0-22002891i-450- 001 990000079490403321 035 $a000007949 035 $aFED01000007949 035 $a(Aleph)000007949FED01 035 $a000007949 100 $a20011111d--------km-y0itay50------ba 101 0 $aita 105 $ay-------001yy 200 1 $aFondazioni ad aria compressa$eponti metallici$fG. B. Biadego. 210 $aTorino$cCamilla e Bertolero$d1886 215 $a467 p., 31 tav.$cill.$d24 cm 610 0 $aFondazioni pneumatiche 610 0 $aPonti metallici 676 $a624.3 700 1$aBiadego,$bGiovanni Battista 801 0$aIT$bUNINA$gRICA$2UNIMARC 901 $aBK 912 $a990000079490403321 952 $a13 AR 22 B 56$b3965$fFINBC 959 $aFINBC 997 $aUNINA DB $aING01 LEADER 02167nam 2200577Kn 450 001 9910691239903321 005 20020911120520.0 035 $a(CKB)5470000002344966 035 $a(OCoLC)47705705 035 9 $aocm47705705 035 $a(OCoLC)995470000002344966 035 $a(EXLCZ)995470000002344966 100 $a20010531d2001 ua 0 101 0 $aeng 181 $ctxt$2rdacontent 182 $cc$2rdamedia 183 $acr$2rdacarrier 200 00$aTrends in causes of death among the elderly$b[electronic resource] /$fby Nadine R. Sahyoun ... [and others] 210 1$a[Hyattsville, Md.] :$cCenters for Disease Control and Prevention, National Center for Health Statistics,$d[2001] 225 1 $aAging trends ;$vno. 1 300 $aTitle from title screen. 330 8 $aThe National Center for Health Statistics of the U.S. Centers for Disease Control and Prevention (CDC) presents "Trends in Causes of Death Among the Elderly," one report in the "Series of Reports to Monitor Health of Older Americans." The report notes that life expectancy has increased in the United States. The report also discusses quality of life issues, the leading causes of death, and more. 606 $aOlder people$xMortality$zUnited States$vStatistics 606 $aDeath$xCauses$vStatistics 606 $aOlder people$xHealth and hygiene 606 $aDeath 606 $aGovernment publications 606 $aLife expectancy 608 $aStatistics.$2lcgft 610 $aElectronic publications 615 0$aOlder people$xMortality 615 0$aDeath$xCauses 615 4$aOlder people$xHealth and hygiene. 615 4$aDeath. 615 4$aGovernment publications. 615 4$aLife expectancy. 676 $a011.53 676 $a025.174 676 $a304.645 676 $a305.26 676 $a306.9 701 $aSahyoun$b Nadine R$01382675 712 02$aNational Center for Health Statistics (U.S.) 801 0$bN@F 801 1$bN@F 801 2$bOCLCQ 801 2$bGPO 906 $aBOOK 912 $a9910691239903321 996 $aTrends in causes of death among the elderly$93426530 997 $aUNINA